Statistics for U.S. General Knowledge #34

Click here to take the quiz!

General Stats

  • This quiz has been taken 15,898 times
    (8,222 since last reset)
  • The average score is 13 of 20

Answer Stats

QuestionAnswer% Correct
What do you get for passing Go in Monopoly?$200
87%
What was spilled by the Exxon Valdez when it ran aground in 1989?Oil
86%
Which state did the U.S. buy from Spain?Florida
83%
What city's name was the first word uttered on the surface of the moon?
(Other than some jargon related to technical aspects of the landing)
Houston
83%
Who created the New Deal?Franklin D. Roosevelt
82%
What character from "The Muppets" is porcine?Miss Piggy
75%
Who did NOT shout "The British are Coming" on his midnight ride since his
mission depended on secrecy?
Paul Revere
75%
What cartoon character tries to steal picnic baskets?Yogi Bear
70%
What famous race is run at Churchill Downs?Kentucky Derby
69%
What is the least populated borough of New York City?Staten Island
67%
What is the southernmost city in Florida?Key West
65%
What well-known former quarterback has a last name that is also the name of a state?Joe Montana
63%
What was the year that was four score and seven years before the Gettysburg address?1776
60%
Hi ho! Who has a horse named Silver?The Lone Ranger
55%
What is either the name of a rock band led by Debbie Harry, or the first name
of Dagwood Bumstead's wife?
Blondie
54%
Who beat a male tennis player in the famous 1973 "Battle of the Sexes"?Billie Jean King
53%
In the phrase "Heeeere's Johnny", who is Johnny?Johnny Carson
49%
What is George W. Bush's full middle name?Walker
49%
What three letter federal agency is supposed to regulate the stock market?SEC
38%
What fictional detective wears a yellow trenchcoat and a radio-enabled watch?Dick Tracy
34%

Score Distribution

Percentile by Number Answered

Percent of People with Each Score

Your Score History

You have not taken this quiz since the last reset